[Event "II American Continental"]
[Site "Buenos Aires ARG"]
[Date "2003.08.19"]
[Round "3"]
[White "Campora,D"]
[Black "Granda Zuniga,J"]
[Result "1/2-1/2"]
[WhiteElo "2510"]
[BlackElo "2641"]

1.e4 c5 2.Nf3 Nc6 3.d4 cxd4 4.Nxd4 e6 5.Nc3 Qc7 6.g3 a6 7.Bg2 Nge7 8.Nb3 Ne5
9.O-O b5 10.f4 Nc4 11.a4 b4 12.Ne2 Bb7 13.Qd3 g5 14.fxg5 Ng6 15.Nf4 Nge5
16.Qe2 h6 17.Nd3 hxg5 18.Bxg5 Be7 19.Bf4 Qb6+ 20.Kh1 Ng6 21.a5 Qb5 22.e5 Bd5
23.Nd4 Qb7 24.b3 Bxg2+ 25.Qxg2 Qxg2+ 26.Kxg2 Nxf4+ 27.Rxf4 Ne3+ 28.Kh1 Nd5
29.Rf3 f5 30.Nb2 O-O-O 31.Kg2 Rdg8 32.Nc4 Rg4 33.Rd1 f4 34.Ne2 fxg3 35.hxg3 Bc5
36.Nf4 Nc3 37.Rh1 Rhg8 38.Nd3 Be7 39.Rh7 R4g7 40.Rxg7 Rxg7 41.Nf4 Kc7 42.Nh5 Rg5
43.Nf6 Kc6 44.Kh3 Nb5 45.g4 Rg6 46.Kh4 Rh6+ 47.Kg5 Rh2 48.Kg6 Nd4 49.Rd3 Bc5
50.Kf7 Rxc2 51.g5 Rc3 52.Rd1 Rxb3 53.g6 Rg3 54.g7 Nf5 55.g8=N Rg7+ 56.Ke8 d5
57.exd6 Nxd6+ 58.Nxd6 Bxd6 59.Rc1+ Kb5 60.Rd1 Bc5 61.Nh6 Rg1 62.Rd7 Re1 63.Nf7 b3
64.Rb7+ Ka4 65.Nd7 Bd4 66.Nd8 Ka3 67.Nc6 e5 68.Nb4 e4 69.Nxa6 b2 70.Nac5 b1=Q
71.Rxb1 Rxb1 72.a6 Bxc5 73.Nxc5 Rb8+ 74.Kd7 e3 75.Kc7 Rf8 76.a7 e2 77.Nd3 Kb3
78.Nc1+ Kc4 79.Nxe2 Rf7+ 80.Kb8 Rxa7  1/2-1/2

[Event "II American Continental"]
[Site "Buenos Aires ARG"]
[Date "2003.08.22"]
[Round "5"]
[White "Morovic Fernandez,I"]
[Black "Granda Zuniga,J"]
[Result "1/2-1/2"]
[WhiteElo "2573"]
[BlackElo "2641"]

1.d4 d5 2.c4 dxc4 3.Nf3 a6 4.e3 Nf6 5.Bxc4 e6 6.Qe2 Be7 7.O-O O-O 8.Rd1 Nbd7
9.a3 b5 10.Bd3 Bb7 11.Nc3 c5 12.dxc5 Bxc5 13.b4 Be7 14.Bb2 Qb8 15.Ne4 Nxe4
16.Bxe4 Bxe4 17.Rxd7 Qe8 18.Rd4 Bxf3 19.Qxf3 Rc8 20.Rd2 Qc6 21.Qg4 f6 22.h3 Rfd8
23.Rxd8+  1/2-1/2

[Event "II American Continental"]
[Site "Buenos Aires ARG"]
[Date "2003.08.23"]
[Round "6"]
[White "Granda Zuniga,J"]
[Black "Nakamura,H"]
[Result "0-1"]
[WhiteElo "2641"]
[BlackElo "2568"]

1.d4 d5 2.c4 c6 3.e3 Nf6 4.Nc3 a6 5.c5 g6 6.Bd3 Bg7 7.Nge2 O-O 8.O-O e5 9.f3 Nbd7
10.Bd2 Re8 11.b4 Nf8 12.Qe1 N6d7 13.Qf2 Ne6 14.Na4 Bh6 15.f4 exd4 16.exd4 f5
17.h3 Nf6 18.Nb6 Rb8 19.Qf3 Bg7 20.Kh1 Ne4 21.Be3 Nf8 22.Nxc8 Rxc8 23.Rfd1 Ne6
24.Bg1 Ra8 25.a4 Qd7 26.Rab1 Nc7 27.Rb3 Rab8 28.Bc2 b5 29.a5 Re7 30.Bd3 Rf8
31.Be3 Kf7 32.Bc2 Ke8 33.Qf1 Kd8 34.Qe1 Ne6 35.Qg1 Kc8 36.Nc1 Rfe8 37.g3 Qd8
38.Ne2 Bf6 39.Rbd3 Ng7 40.Rf1 Kb7 41.Rf3 h6 42.Bd1 Re6 43.Qg2 R8e7 44.Bg1 Qe8
45.Kh2 Rf7 46.Rf1 Bd8 47.Kh1 Bc7 48.Bh2 Ref6 49.Ng1 g5 50.Nf3 Ne6 51.Ne5 Rg7
52.Qf3 Qg8 53.Qe3 gxf4 54.gxf4 Bxe5 55.dxe5 Rfg6 56.Qe1 Rg2 57.Bf3 Rb2 58.Bxe4 dxe4
59.Rd2 Rg2 60.Rxb2 Rxb2 61.Rf2 Rxf2 62.Qxf2 Qd8 63.Qe2 Qd3 64.Qh5 Qf1+ 65.Bg1 e3  0-1

[Event "II American Continental"]
[Site "Buenos Aires ARG"]
[Date "2003.08.26"]
[Round "8"]
[White "Granda Zuniga,J"]
[Black "Felgaer,R"]
[Result "0-1"]
[WhiteElo "2641"]
[BlackElo "2551"]

1.d4 d5 2.c4 c6 3.Nc3 dxc4 4.e3 b5 5.a4 b4 6.Na2 e6 7.Bxc4 Nf6 8.Nf3 Be7
9.b3 O-O 10.Bb2 Nbd7 11.O-O Bb7 12.Nc1 a5 13.Nd3 c5 14.Rc1 Ne4 15.Bb5 cxd4
16.Nxd4 Bf6 17.Qg4 Bxd4 18.Bxd4 Ndf6 19.Qe2 Nd5 20.Qg4 Ndf6 21.Qf4 Nc3 22.Nc5 Bd5
23.Rxc3 bxc3 24.e4 Bc6 25.Bxc3 Bxb5 26.axb5 Rc8 27.Na4 Qd3 28.Qg3 Qxg3 29.hxg3 Nxe4
30.Bxa5 Nd6 31.b6 Nb7 32.Bd2 Rfd8 33.Be3 f6 34.b4 Rd6 35.Rb1 e5 36.Kf1 Rc4
37.Ke2 Rc2+ 38.Kf3 f5 39.g4 g6 40.gxf5 gxf5 41.g4 f4 42.Bc5 Rd3+ 43.Ke4 Ra3
44.Kxe5 Rxa4 45.Kd5 Ra8 46.Kc6 Nd8+ 47.Kb5 Nb7 48.Kc6 Nd8+ 49.Kb5 Rc8 50.Rd1 Nb7
51.Be7 Rb8 52.Rd7 Rxf2 53.Bf6 Rc2 54.Be5 Rd8 55.Rxd8+ Nxd8 56.Bxf4 Kf7 57.g5 Ke6
58.Ka6 Ra2+ 59.Kb5 Kd7 60.Kc4 Kc6 61.Be3 Rg2  0-1

[Event "II American Continental"]
[Site "Buenos Aires ARG"]
[Date "2003.08.27"]
[Round "9"]
[White "Granda Zuniga,J"]
[Black "Lujan,C"]
[Result "0-1"]
[WhiteElo "2641"]
[BlackElo "2263"]

1.d4 d5 2.c4 dxc4 3.e3 Nf6 4.Bxc4 e6 5.Nf3 a6 6.O-O c5 7.Qe2 b5 8.Bd3 cxd4
9.Nxd4 Bb7 10.Nd2 Nbd7 11.b3 e5 12.Nf5 g6 13.Ng3 Nc5 14.Bc2 Bg7 15.Bb2 Qe7
16.Ba3 Rc8 17.Rac1 Qe6 18.Bxg6 hxg6 19.Bxc5 Bxg2 20.Rfd1 Qh3 21.Ndf1 e4 22.f4 Bf3
23.Qd2 Bxd1 24.Rxd1 Qd7 25.Qe1 Qc6 26.Ba3 Bf8 27.Bb2 Bg7 28.Qb4 Qc5 29.Qa5 b4
30.Qxa6 Qc6 31.Qa5 O-O 32.Qxb4 Nd5 33.Qxe4 Nxe3 34.Nxe3 Qxe4 35.Nxe4 Bxb2
36.Nc4 Bg7 37.f5 gxf5 38.Ned6 Rfd8 39.Rf1 Ra8 40.a4 Ra6 41.Nxf5 Rd3 42.Nxg7 Rg6+
43.Kf2 Kxg7 44.Ne5 Rf6+ 45.Ke2 Rxb3  0-1

[Event "II American Continental"]
[Site "Buenos Aires ARG"]
[Date "2003.08.28"]
[Round "10"]
[White "Pierrot,F"]
[Black "Granda Zuniga,J"]
[Result "1/2-1/2"]
[WhiteElo "2417"]
[BlackElo "2641"]

1.e4 e5 2.Nf3 Nc6 3.Bb5 Nf6 4.Qe2 Bc5 5.O-O d6 6.c3 O-O 7.d3 Ne7 8.d4 exd4
9.cxd4 Bb6 10.Bg5 Ng6 11.Nc3 c6 12.Ba4 h6 13.Be3 Re8 14.Bc2 Ba5 15.Nd2 Ng4
16.Nc4 Bc7 17.Nd2 d5 18.h3 Nxe3 19.fxe3 dxe4 20.Ndxe4 Be6 21.Rad1 Qh4 22.Qf2 Bc4
23.Bd3 Qxf2+ 24.Kxf2 Bxd3 25.Rxd3 f5 26.Nd2 Rad8 27.Nf3 Nf8 28.Rfd1 Nd7 29.Ke2 Bg3
30.b4 g5 31.b5 cxb5 32.Nxb5 a6 33.Nc3 Nf6 34.a4 Ne4 35.Rc1 Nf2 36.Rd2 f4
37.e4 Nxe4 38.Nxe4 Rxe4+ 39.Kf1 Rd7 40.Rb2 Ree7 41.Rb6 Kg7 42.Rcb1 Kh7 43.Rf6 Rc7
44.Ne5 Rc2 45.Rfb6 f3 46.gxf3 Bxe5 47.dxe5 Rxe5 48.Rd6 b5 49.Rxa6 Ree2 50.Rxb5 Rf2+
51.Kg1 Rg2+ 52.Kh1 Rh2+ 53.Kg1 Rhg2+ 54.Kh1  1/2-1/2

[Event "zt 2.4"]
[Site "Sao Paulo BRA"]
[Date "2003.09.19"]
[Round "1"]
[White "Granda Zuniga,J"]
[Black "Milos,G"]
[Result "1/2-1/2"]
[WhiteElo "2641"]
[BlackElo "2592"]

1.d4 Nf6 2.c4 e6 3.Nf3 d5 4.Nc3 Be7 5.cxd5 exd5 6.Bf4 c6 7.e3 Bf5 8.Be2 Nbd7
9.h3 Ne4 10.Nxe4 Bxe4 11.O-O O-O 12.Ne1 Nb6 13.Nd3 Bxd3 14.Bxd3 Bd6 15.Bxd6 Qxd6
16.Qd2 f5 17.Rfe1 Rae8 18.a4 a6 19.g3 Nc8 20.b4 Qh6 21.Kg2 Nd6 22.b5 axb5
23.axb5 cxb5 24.Qb4 g5 25.Bxb5 Ra8 26.Rxa8 Rxa8 27.Ba4 Qe6 28.Bb3 Rd8 29.Rc1 f4
30.exf4 gxf4 31.Re1 Ne4 32.f3 Qd6 33.Qxd6 Nxd6 34.Bxd5+ Kf8 35.gxf4 b5 36.Rb1 Nf5
37.Be4 Nxd4 38.Bxh7 Kg7 39.Be4 Kf6 40.Rb4 Ne2 41.Rxb5 Nxf4+ 42.Kg3 Ne2+ 43.Kf2 Nd4
44.Rh5 Rb8 45.h4 Rb2+ 46.Kg3 Rb5 47.Rh6+ Kg7 48.Rg6+ Kf7 49.Ra6 Nf5+ 50.Kg4 Ne3+
51.Kg3 Kg7 52.Ra7+ Kf6 53.Rh7 Nf5+ 54.Kf4 Ng7 55.Kg4 Rb2 56.f4 Re2 57.Rh6+ Ke7
58.Kf3 Re1 59.f5 Rf1+ 60.Kg4 Ne8 61.Re6+ Kf7 62.Bg2 Rxf5  1/2-1/2

[Event "zt 2.4"]
[Site "Sao Paulo BRA"]
[Date "2003.09.24"]
[Round "6"]
[White "Granda Zuniga,J"]
[Black "Teixeira,R"]
[Result "1-0"]
[WhiteElo "2641"]
[BlackElo "2338"]

1.d4 d5 2.c4 e6 3.Nc3 c5 4.cxd5 exd5 5.Nf3 Nc6 6.g3 Nf6 7.Bg2 Be7 8.O-O O-O
9.Be3 Ng4 10.Bf4 Be6 11.dxc5 Bxc5 12.Ng5 Nf6 13.Rc1 Be7 14.Nxe6 fxe6 15.e4 d4
16.Na4 e5 17.Bd2 Kh8 18.Qb3 Qd7 19.Nc5 Bxc5 20.Rxc5 Rac8 21.Qd3 b6 22.Rcc1 Qe6
23.b4 Ne7 24.a3 Rxc1 25.Rxc1 Rc8 26.Rxc8+ Qxc8 27.f4 Qd8 28.fxe5 Ng4 29.e6 Ne5
30.Qb5 N7c6 31.Bf4 d3 32.Qd5 Ng6 33.b5 Qxd5 34.exd5 Nd4 35.Be4 Kg8 36.Bxd3 Nxf4
37.gxf4 Kf8 38.Kf2 h6 39.Ke3 Nb3 40.d6 Nc5 41.e7+  1-0

[Event "zt 2.4"]
[Site "Sao Paulo BRA"]
[Date "2003.09.26"]
[Round "8"]
[White "Granda Zuniga,J"]
[Black "Lima,Da"]
[Result "0-1"]
[WhiteElo "2641"]
[BlackElo "2519"]

1.Nf3 d5 2.c4 dxc4 3.e3 Nf6 4.Bxc4 e6 5.Qe2 c5 6.e4 Nc6 7.e5 Nd5 8.O-O Be7
9.Nc3 O-O 10.Qe4 Nb6 11.Bd3 g6 12.b3 Nd4 13.Bb2 Nf5 14.Rad1 Rb8 15.Bb1 Bd7
16.Qg4 Bc6 17.Ne4 Nd5 18.g3 h5 19.Qh3 b5 20.d3 Rc8 21.Bc1 Nc3 22.Rde1 Nxb1  0-1

[Event "Curacao Open"]
[Site "Willemstad AHO"]
[Date "2003.10.26"]
[Round "2"]
[White "Szmetan,J"]
[Black "Granda Zuniga,J"]
[Result "0-1"]
[WhiteElo "2404"]
[BlackElo "2623"]

1.e4 c5 2.Nf3 Nc6 3.d4 cxd4 4.Nxd4 e6 5.Nc3 Qc7 6.g3 a6 7.Bg2 Bb4 8.O-O Nge7
9.Nxc6 Nxc6 10.Qg4 O-O 11.Bh6 Qe5 12.Bf4 Qa5 13.Rad1 Ne5 14.Bxe5 Qxe5 15.Rd3 Be7
16.Qd1 Qa5 17.Qd2 Kh8 18.Rd1 d6 19.Rxd6 b5 20.Rd3 b4 21.Ne2 Qxa2 22.b3 Qa5
23.Nd4 Bb7 24.h3 Rac8 25.Qe2 Rc5 26.f4 g6 27.Nf3 Rfc8 28.Ne1 Bc6 29.e5 Bb5
30.Kh2 Kg7 31.Qf2 Bxd3 32.Rxd3 Rc3 33.Rd7 R8c7 34.Rd2 Bc5 35.Qe2 Qa1 36.Rd1 Re3
37.Qxe3 Qxd1 38.Qe4 Bf2  0-1

[Event "Curacao Open"]
[Site "Willemstad AHO"]
[Date "2003.10.27"]
[Round "3"]
[White "Granda Zuniga,J"]
[Black "Timman,J"]
[Result "1-0"]
[WhiteElo "2623"]
[BlackElo "2578"]

1.d4 Nf6 2.c4 e6 3.Nc3 Bb4 4.Qc2 d5 5.cxd5 Qxd5 6.e3 c5 7.Bd2 Bxc3 8.Bxc3 cxd4
9.Bxd4 Nc6 10.Bc3 e5 11.Nf3 O-O 12.Be2 Bg4 13.h3 Bh5 14.O-O Rac8 15.Rfd1 Qc5
16.Qa4 Nd5 17.Be1 Nf6 18.g4 Bg6 19.b4 Bc2 20.bxc5 Bxa4 21.Rdc1 Nd7 22.Nd2 Nd8
23.Ne4 Ne6 24.Bb4 Bc6 25.Nd6 Rcd8 26.Nxb7 Rb8 27.Na5 Rxb4 28.Nxc6 Rb2 29.Ne7+ Kh8
30.c6 Nb6 31.Bf3 Nc7 32.a4 e4 33.Bg2 a5 34.Rcb1 Rb4 35.Rxb4 axb4 36.Rb1 Nxa4
37.Rxb4 Nc5 38.Rc4 Re8 39.Nf5 Re5 40.Nd6  1-0

[Event "Curacao Open"]
[Site "Willemstad AHO"]
[Date "2003.10.28"]
[Round "4"]
[White "Shabalov,A"]
[Black "Granda Zuniga,J"]
[Result "1-0"]
[WhiteElo "2597"]
[BlackElo "2623"]

1.d4 d5 2.c4 dxc4 3.e4 e5 4.Nf3 Bb4+ 5.Nbd2 c3 6.bxc3 Bxc3 7.Rb1 exd4 8.Bc4 Nh6
9.O-O O-O 10.e5 Bf5 11.Rxb7 Nc6 12.Nb3 Re8 13.Rb5 Ng4 14.Ng5 Ngxe5 15.Bd5 Nb4
16.Bxa8 Qxa8 17.Nxd4 Bd3 18.Qh5 Bxd4 19.Rxb4 c5 20.Rb3 Bg6 21.Qh4 Qd5 22.Nh3 Bc2
23.Nf4 Qc4 24.Rh3 Qxa2 25.Be3 a5 26.Bxd4 cxd4 27.Nh5 Qc4 28.Nxg7 Kxg7 29.f4 Qc5
30.Qh6+ Kg8 31.f5 d3+ 32.Kh1 Ng4 33.Qg5+ Kf8 34.Qxg4 d2 35.Rxh7 Qxf5 36.Rh8+ Ke7
37.Rxe8+  1-0

[Event "Curacao Open"]
[Site "Willemstad AHO"]
[Date "2003.10.31"]
[Round "6"]
[White "Stefanova,A"]
[Black "Granda Zuniga,J"]
[Result "0-1"]
[WhiteElo "2497"]
[BlackElo "2623"]

1.d4 Nf6 2.Bg5 e6 3.Nd2 h6 4.Bh4 d5 5.e3 b6 6.c3 Bb7 7.Bd3 Nbd7 8.f4 Be7
9.Bxf6 Nxf6 10.Qf3 c5 11.Ne2 Qc7 12.a4 c4 13.Bc2 Qc6 14.Ng3 h5 15.e4 h4 16.exd5 Qc7
17.Nge4 Nxd5 18.Qf2 f5 19.Ng5 Nxf4 20.Ngf3 Bf6 21.O-O-O O-O-O 22.Rhe1 Qc6
23.Qf1 Nd3+ 24.Bxd3 cxd3 25.Qxd3 Kb8 26.Qb5 Qc8 27.Kb1 g5 28.Ne5 Rd5 29.Qe2 Bxe5
30.dxe5 Rhd8 31.Nf3 Ba6 32.Qc2 Bd3 33.Rxd3 Rxd3 34.Nxg5 Qd7 35.Nf3 Rd1+ 36.Rxd1 Qxd1+
37.Qxd1 Rxd1+ 38.Kc2 Ra1 39.Nxh4 Rxa4 40.Nf3 Kc7 41.h3 Kd7 42.Nd4 Ra5 43.Nf3 Ra1
44.Kd3 a5 45.Kc4 Rb1 46.b3 Rb2 47.g4 b5+ 48.Kxb5 Rxb3+ 49.Kc4 fxg4 50.hxg4 a4
51.g5 Rb8  0-1

[Event "Curacao Open"]
[Site "Willemstad AHO"]
[Date "2003.11.01"]
[Round "7"]
[White "Granda Zuniga,J"]
[Black "Van der Weide,K"]
[Result "1-0"]
[WhiteElo "2623"]
[BlackElo "2427"]

1.d4 Nf6 2.c4 g6 3.Nc3 Bg7 4.e4 d6 5.Bd3 Nbd7 6.Nge2 c5 7.O-O O-O 8.b3 cxd4
9.Nxd4 a6 10.Bb2 e6 11.Re1 Qc7 12.Bf1 b6 13.g3 Bb7 14.Bg2 Rac8 15.Rc1 Qb8
16.Rc2 Nc5 17.Rd2 Qa8 18.f3 Bh6 19.Rf2 Rfd8 20.Bf1 Ncd7 21.Nc2 Qb8 22.Ne3 Bc6
23.a4 Bg7 24.Rd2 Nc5 25.b4 Nb7 26.Ne2 Qc7 27.Qa1 Qe7 28.Nf4 e5 29.Nfd5 Bxd5
30.cxd5 a5 31.Nc2 Bh6 32.Rf2 Nh5 33.Bb5 Rf8 34.Bc6 Nd8 35.b5 f6 36.Na3 Nf7
37.Nc4 Rb8 38.Kg2 Qd8 39.Qb1 Qc8 40.Kh1 Qh3 41.Rg1 Rfd8 42.Qf1 Ng5 43.Bc1 Qc8
44.Be3 Qc7 45.Qg2 Rf8 46.f4 Nf7 47.Qh3  1-0

[Event "GMB"]
[Site "Wijk aan Zee NED"]
[Date "2004.01.14"]
[Round "4"]
[White "Granda Zuniga,J"]
[Black "Bruzon,L"]
[Result "1/2-1/2"]
[WhiteElo "2581"]
[BlackElo "2603"]

1.e4 c5 2.Nf3 d6 3.d4 Nf6 4.Nc3 cxd4 5.Nxd4 a6 6.Be3 Ng4 7.Bg5 Nc6 8.Nb3 h6
9.Bh4 g5 10.Bg3 Bg7 11.Be2 h5 12.h4 gxh4 13.Bxh4 Be6 14.Qd2 Qb6 15.Nd5 Bxd5
16.exd5 Nce5 17.Qa5 Qa7 18.Bg3 Bf6 19.Nd2 h4 20.Ne4 Qd4 21.Nxf6+ Nxf6 22.c3 Qe4
23.f3 Qxd5 24.Qxd5 Nxd5 25.Rxh4 Rxh4 26.Bxh4 Nf4  1/2-1/2

[Event "GMB"]
[Site "Wijk aan Zee NED"]
[Date "2004.01.19"]
[Round "8"]
[White "Granda Zuniga,J"]
[Black "Nakamura,H"]
[Result "1-0"]
[WhiteElo "2581"]
[BlackElo "2571"]

1.d4 Nf6 2.Nf3 g6 3.g3 Bg7 4.Bg2 O-O 5.O-O d5 6.c4 dxc4 7.Na3 c3 8.bxc3 c5
9.e3 Nc6 10.Qe2 Bf5 11.Rd1 cxd4 12.cxd4 Rc8 13.Bb2 Nb4 14.Ne1 Bg4 15.Bf3 Bxf3
16.Nxf3 Qd5 17.Ne5 Nxa2 18.Nac4 b5 19.Rxa2 bxc4 20.Rda1 c3 21.Bc1 Ne4 22.Ra5 Qe6
23.Nd3 Nd6 24.Rxa7 Nb5 25.Nf4 Qc6 26.R7a5 Rb8 27.Nd3 Rfc8 28.Qc2 Qb6 29.Nc5 Qd8
30.Qa4 Nc7 31.Nd7 Ra8 32.Nb6 Rxa5 33.Qxa5 Rb8 34.Nc4 Nd5 35.Qxd8+ Rxd8 36.Kf1 c2
37.Bd2 Rc8 38.Na3 e5 39.dxe5 Bf8 40.Bc1 Bb4 41.Ra2 Ra8 42.Rxc2 Bxa3 43.Ra2 Bxc1
44.Rxa8+ Kg7 45.Ra5 Nc3 46.Ra7 Kg8 47.Ke1 Bb2 48.Ra5 Ne4 49.Ke2 Ng5 50.f4 Ne4
51.Ra8+ Kg7 52.Kd3 Nf2+ 53.Kc2 Bxe5 54.fxe5 Ng4 55.Ra5 Nxe3+ 56.Kd3 Ng4 57.h4 h5
58.Ke4 Nh6 59.Ra7 Nf5 60.e6 Kf6 61.Rxf7+ Kxe6 62.Rf8 Nd6+ 63.Kf4 Nf7 64.Ra8 Kf6
65.Ra6+ Kg7 66.Ke4 Nh6 67.Ke5 Ng4+ 68.Ke6 Kg8 69.Ra7 Kf8 70.Kd5 Kg8 71.Ke4 Nf6+
72.Ke5 Nh7 73.Ke6 g5 74.hxg5  1-0

[Event "GMB"]
[Site "Wijk aan Zee NED"]
[Date "2004.01.20"]
[Round "9"]
[White "Hamdouchi,H"]
[Black "Granda Zuniga,J"]
[Result "1/2-1/2"]
[WhiteElo "2588"]
[BlackElo "2581"]

1.e4 c5 2.Nc3 Nc6 3.Bb5 g6 4.Bxc6 bxc6 5.d3 d6 6.Nge2 Nh6 7.h3 f5 8.Ng3 fxe4
9.dxe4 Nf7 10.O-O Bg7 11.Be3 Ba6 12.Re1 e5 13.a3 c4 14.Qe2 Qc8 15.Rad1 Qb7
16.Bc1 Rd8 17.Nf1 d5 18.Na4 Qb5 19.Nc3 Qa5 20.exd5 cxd5 21.Qf3 d4 22.Qc6+ Ke7
23.Ne4 Qb6 24.Qa4 Qb5 25.Qb4+ Qxb4 26.axb4 Rhe8 27.Bd2 Bb5 28.Ra1 a6 29.Nc5 Rd6
30.Ng3 Rc6 31.Nge4 h6 32.Ra3 Nd6 33.Nxd6 Kxd6 34.f4 Kd5 35.fxe5 Bxe5 36.Ra5 c3
37.bxc3 dxc3 38.Bxc3 Bxc3 39.Rxe8 Bxb4 40.Rxb5 axb5 41.Nd3 Bd6 42.Rd8 Kc4
43.Re8 Kc3 44.Re2 b4 45.Ne1 Bf4 46.g3 Bc1 47.Nd3 Ba3 48.Nf2 Kb2 49.Nd3+ Kc3
50.Nf2 Bc1 51.Nd3 Bg5 52.Nf2 Bd8 53.Nd1+ Kc4 54.Nb2+ Kd4 55.Nd1 Bf6 56.Kg2 Kc5
57.Nf2 Bd4 58.h4 Bxf2 59.Rxf2 Kd4 60.g4 Kc3 61.Kg3 Kb2 62.g5 Rc3+ 63.Kf4 Rc4+
64.Ke3 Kc3 65.gxh6 Rxh4 66.Rf7 Kxc2 67.Rc7+ Kb2 68.h7 b3 69.Kf3 Kb1 70.Kg3 g5
71.Rb7 b2 72.Rc7  1/2-1/2

[Event "Copa ENTEL"]
[Site "Santiago CHI"]
[Date "2004.03.22"]
[Round "2"]
[White "Granda Zuniga,J"]
[Black "Velasquez,C"]
[Result "1-0"]
[WhiteElo "2581"]
[BlackElo "2359"]

1.c4 g6 2.g3 Bg7 3.Bg2 c5 4.e3 e6 5.Ne2 Ne7 6.O-O d5 7.cxd5 exd5 8.Qc2 b6
9.d4 Nd7 10.Nbc3 Bb7 11.dxc5 bxc5 12.Rd1 Nb6 13.Nxd5 Nbxd5 14.e4 O-O 15.exd5 Qb6
16.Be3 Rfc8 17.g4 h5 18.gxh5 Nf5 19.hxg6 fxg6 20.Nf4 Nxe3 21.fxe3 c4 22.Ne6 Qxe3+
23.Kh1 Qh6 24.d6 Bxg2+ 25.Qxg2 Be5 26.d7  1-0

[Event "Copa ENTEL"]
[Site "Santiago CHI"]
[Date "2004.03.23"]
[Round "3"]
[White "Valenzuela Fuentealba,L"]
[Black "Granda Zuniga,J"]
[Result "0-1"]
[WhiteElo "2418"]
[BlackElo "2581"]

1.d4 Nf6 2.c4 e6 3.Nf3 b6 4.a3 Bb7 5.Nc3 d5 6.cxd5 Nxd5 7.Qc2 Be7 8.e4 Nxc3
9.bxc3 O-O 10.Bd3 c5 11.O-O Qc7 12.Qe2 Rd8 13.Rd1 Nd7 14.e5 Nf8 15.Be4 h6
16.a4 Ng6 17.Bxb7 Qxb7 18.Be3 cxd4 19.cxd4 Bb4 20.Qb5 Ba5 21.Rab1 Rd5 22.Qb3 Ne7
23.Rdc1 Rdd8 24.Qb5 Qe4 25.Qb3 Rac8 26.Rxc8 Rxc8 27.Rc1 Rxc1+ 28.Bxc1 Qe2
29.h3 Nd5 30.Be3 Bc3 31.Qb5 Qxb5 32.axb5 Nc7 33.Kf1 Nxb5 34.Ke2 Nc7 35.Kd3 Nd5
36.Bc1 b5 37.Ng1 a5 38.Ne2 Be1 39.f3 a4 40.g4 Kf8 41.f4 Ke8 42.f5 Kd7 43.Ng1 Kc6
44.Nf3 Bg3 45.h4 Bf4 46.Bb2 b4 47.Kc4 Kb6 48.Ne1 Ka5 49.Nd3 Nb6+ 50.Kc5 Bd2
51.g5 a3 52.g6 fxg6 53.fxe6 axb2 54.Nxb2 b3 55.d5 Bc3 56.Nd3 b2 57.Nxb2 Bxb2
58.d6 Bxe5 59.Kc6 Nc4 60.d7 Bf6 61.Kc7 Bxh4 62.d8=Q Bxd8+ 63.Kxd8 Kb6  0-1

[Event "Copa ENTEL"]
[Site "Santiago CHI"]
[Date "2004.03.23"]
[Round "4"]
[White "Granda Zuniga,J"]
[Black "Zambrana,O"]
[Result "1/2-1/2"]
[WhiteElo "2581"]
[BlackElo "2404"]

1.d4 Nf6 2.c4 e6 3.Nc3 Bb4 4.e3 O-O 5.Bd3 d5 6.Nf3 c5 7.O-O cxd4 8.exd4 dxc4
9.Bxc4 a6 10.Bg5 b5 11.Bb3 Bb7 12.Qe2 Be7 13.Rad1 Nbd7 14.Ne5 Nb6 15.Bxf6 gxf6
16.Bc2 f5 17.Rd3 Bd6 18.Rh3 Qf6 19.Qh5 h6 20.g4 Bxe5 21.dxe5 Qg6 22.Qxh6 Qxh6
23.Rxh6 Kg7 24.Rh4 Nc4  1/2-1/2

[Event "Copa ENTEL"]
[Site "Santiago CHI"]
[Date "2004.03.25"]
[Round "8"]
[White "Cubas,Jo"]
[Black "Granda Zuniga,J"]
[Result "0-1"]
[WhiteElo "2394"]
[BlackElo "2581"]

1.e4 c5 2.Nc3 a6 3.f4 b5 4.Nf3 Bb7 5.Qe2 Nc6 6.g3 Nd4 7.Nxd4 cxd4 8.Nd1 e6
9.Bg2 Bc5 10.d3 Ne7 11.O-O O-O 12.Bd2 Rc8 13.Nf2 d5 14.Rac1 Qd7 15.a3 Bb6
16.Bb4 Rfe8 17.Rfe1 a5 18.Bxe7 Rxe7 19.exd5 Bxd5 20.Bxd5 Qxd5 21.Qe5 Rc5
22.Qxd5 Rxd5 23.b3 Rc7 24.Re2 Bc5 25.Ra1 a4 26.b4 Be7 27.Kf1 g5 28.Kg2 gxf4
29.gxf4 Rf5 30.Kf3 Bd6 31.Nh3 Kf8 32.Ra2 Ke7 33.Re4 Rd5 34.Ng1 Rd7 35.Ne2 Bb8
36.Ng3 Rd8 37.Ra1 h5 38.h3 h4 39.Nh1 Rg8 40.Re2 Rf5 41.Re4 e5 42.Rc1 Ke6
43.c4 dxc3 44.Rxc3 Rxf4+ 45.Rxf4 exf4 46.Rc6+ Kd5 47.Rc5+ Kd4 48.Rc1 f5 49.Rc5 Rg1
50.Rxb5 Be5 51.Nf2 Rg3+ 52.Ke2 f3+ 53.Kf1 Rg2 54.Rc5 Bh2 55.Rc4+ Ke5  0-1

[Event "Copa ENTEL"]
[Site "Santiago CHI"]
[Date "2004.03.29"]
[Round "11"]
[White "Granda Zuniga,J"]
[Black "Rojas,L"]
[Result "1-0"]
[WhiteElo "2581"]
[BlackElo "2408"]

1.Nf3 Nf6 2.c4 g6 3.g3 Bg7 4.Bg2 O-O 5.O-O d5 6.d4 dxc4 7.Na3 c3 8.bxc3 c5
9.Bb2 Nc6 10.e3 Qc7 11.Qe2 e5 12.Nb5 Qe7 13.Ba3 e4 14.Nd2 b6 15.dxc5 Bg4
16.Qc4 Ne5 17.Qd4 Rfd8 18.cxb6 Qe6 19.Nc7 Qf5 20.Nxa8 Rxd4 21.cxd4 Nf3+ 22.Nxf3 exf3
23.b7 Nd7 24.Rfc1 Bh6 25.Bf1 Bxe3 26.Rc3 Bxd4 27.Rd1 Bxc3 28.Rxd7 Be5 29.Rd8+ Kg7
30.Bf8+ Kf6 31.Rd6+ Bxd6 32.Bxd6  1-0

[Event "36th Olympiad"]
[Site "Calvia ESP"]
[Date "2004.10.17"]
[Round "2"]
[White "Chau Sau Ming"]
[Black "Granda Zuniga,J"]
[Result "0-1"]
[WhiteElo "2230"]
[BlackElo "2605"]

1.d4 Nf6 2.c4 e6 3.Nc3 Bb4 4.e3 b6 5.Bd3 Bb7 6.Nf3 Bxc3+ 7.bxc3 d6 8.Qc2 Nbd7
9.O-O O-O 10.a4 c5 11.a5 bxa5 12.Qa4 Bxf3 13.gxf3 Nb6 14.Qxa5 Nfd7 15.Kh1 Qh4
16.Qa2 d5 17.Qe2 dxc4 18.Bxc4 Nxc4 19.Qxc4 Qh5 20.Qe2 e5 21.Qd1 exd4 22.cxd4 cxd4
23.Qxd4 Qxf3+ 24.Kg1 Nf6 25.Rxa7 Rxa7 26.Qxa7 Ne4 27.Qc7 Ng5 28.h4 Nh3+ 29.Kh2 Nxf2
30.Qf4 Qh3+ 31.Kg1 Nd3 32.Qg5 Rc8 33.Bd2 h6 34.Qf5 Qg3+ 35.Kh1 Qxh4+ 36.Kg1 Rc5
37.Be1 Nxe1  0-1

[Event "36th Olympiad"]
[Site "Calvia ESP"]
[Date "2004.10.17"]
[Round "3"]
[White "Granda Zuniga,J"]
[Black "Khamdamov,S"]
[Result "0-1"]
[WhiteElo "2605"]
[BlackElo "2150"]

1.d4 g6 2.e4 Bg7 3.Bc4 d6 4.Qf3 Nf6 5.Nc3 Nc6 6.Nge2 e5 7.d5 Nd4 8.Qd3 O-O
9.Bg5 h6 10.Bxf6 Qxf6 11.Nxd4 exd4 12.Ne2 c5 13.dxc6 bxc6 14.O-O Rb8 15.Bb3 Rb6  0-1

[Event "36th Olympiad"]
[Site "Calvia ESP"]
[Date "2004.10.19"]
[Round "5"]
[White "Granda Zuniga,J"]
[Black "Aderito,P"]
[Result "1-0"]
[WhiteElo "2605"]
[BlackElo "2262"]

1.e4 c6 2.d4 d5 3.e5 Bf5 4.f4 e6 5.Nf3 c5 6.Nc3 Nc6 7.Be3 Bg4 8.Be2 Nh6 9.dxc5 Bxf3
10.Bxf3 Nf5 11.Bg1 g5 12.Qd3 Qa5 13.O-O-O O-O-O 14.Qb5 Qc7 15.Nxd5 Rxd5 16.Rxd5 exd5
17.Bg4 gxf4 18.Bxf5+ Kb8 19.Bf2 Bh6 20.Kb1 Re8 21.Bg4 a6 22.Qa4 Rxe5 23.Bf3 f5
24.Rd1 Re4 25.Qb3 Rb4 26.Qxd5 Bg7 27.b3 Ka7 28.Qd6  1-0

[Event "36th Olympiad"]
[Site "Calvia ESP"]
[Date "2004.10.20"]
[Round "6"]
[White "Granda Zuniga,J"]
[Black "Mascaro March,P"]
[Result "1-0"]
[WhiteElo "2605"]
[BlackElo "2323"]

1.e4 c5 2.Nf3 d6 3.d4 cxd4 4.Nxd4 Nf6 5.Nc3 Nc6 6.Bc4 Qb6 7.Nde2 e6 8.O-O Be7
9.a3 a6 10.b4 Qc7 11.Bb3 b5 12.f4 O-O 13.Kh1 a5 14.Nxb5 Qb6 15.Qd3 axb4 16.Be3 Qb8
17.a4 d5 18.exd5 exd5 19.Ned4 Nxd4 20.Bxd4 Bb7 21.Rae1 Qd8 22.Qg3 Nh5 23.Qe3 Bf6
24.Bc5 Re8 25.Qxe8+ Qxe8 26.Rxe8+ Rxe8 27.Nd6 Re7 28.Nxb7 Rxb7 29.g4  1-0

[Event "36th Olympiad"]
[Site "Calvia ESP"]
[Date "2004.10.22"]
[Round "7"]
[White "Moldobaev,E"]
[Black "Granda Zuniga,J"]
[Result "1/2-1/2"]
[WhiteElo "2388"]
[BlackElo "2605"]

1.Nf3 d5 2.d4 Nf6 3.c4 c6 4.cxd5 cxd5 5.Nc3 e6 6.Bf4 a6 7.e3 Be7 8.h3 O-O
9.Bd3 b5 10.O-O Bb7 11.Rc1 Nc6 12.Ne5 Nxe5 13.Bxe5 Nd7 14.Bg3 Qb6 15.Ne2 Rfc8
16.Rxc8+ Rxc8 17.Qb1 g6 18.Rc1 Rxc1+ 19.Nxc1 Bf6 20.Be2 e5 21.Bg4 Bc6 22.Bxd7 Bxd7
23.dxe5 Bf5 24.Qa1 Be7 25.Nb3 b4 26.Nd4 Bd7 27.Qd1 a5 28.h4 a4 29.h5 g5 30.f4 h6
31.f5 Bc5 32.Qd3 b3 33.a3 Bxd4 34.exd4 Qc6 35.e6 fxe6 36.fxe6 Qxe6 37.Be5 Be8
38.Qc3 Bxh5 39.Qc7 Bf7 40.Qa7 Qe8 41.Kf2 Kh7 42.g4 Kg6 43.Kg3 h5 44.gxh5+ Kxh5
45.Qb8 Qe6 46.Qh8+ Kg6 47.Qg7+ Kf5 48.Qh7+ Qg6 49.Qxg6+ Bxg6 50.Kf3  1/2-1/2

[Event "36th Olympiad"]
[Site "Calvia ESP"]
[Date "2004.10.23"]
[Round "8"]
[White "Granda Zuniga,J"]
[Black "Rohl,J"]
[Result "1/2-1/2"]
[WhiteElo "2605"]
[BlackElo "2401"]

1.c4 Nf6 2.g3 e5 3.Bg2 c6 4.d4 Bb4+ 5.Bd2 Bxd2+ 6.Qxd2 d6 7.Nc3 O-O 8.e3 Be6
9.d5 cxd5 10.cxd5 Bd7 11.b4 Na6 12.Rb1 Rc8 13.Nge2 Rc4 14.a3 Qb6 15.O-O Rfc8
16.Rfc1 h5 17.h3 Nc7 18.Bf1 Nb5 19.Na4 Qd8 20.Rxc4 Rxc4 21.Nec3 Nxc3 22.Nxc3 Rc7
23.h4 Qc8 24.Rb3 a6 25.a4 Bf5 26.Bg2 Rc4 27.Bf1 Rc7 28.Bg2 e4 29.a5 Bh3 30.Bxe4 Nxe4
31.Nxe4 Qf5 32.Ng5 Rc2 33.e4 Rxd2 34.exf5 Bxf5 35.b5 axb5  1/2-1/2

[Event "36th Olympiad"]
[Site "Calvia ESP"]
[Date "2004.10.25"]
[Round "10"]
[White "Granda Zuniga,J"]
[Black "Winants,L"]
[Result "1/2-1/2"]
[WhiteElo "2605"]
[BlackElo "2519"]

1.d4 Nf6 2.c4 e6 3.Nc3 Bb4 4.e3 b6 5.Ne2 Ne4 6.Qc2 Bb7 7.a3 Bxc3+ 8.Nxc3 Nxc3
9.Qxc3 O-O 10.b3 d6 11.Bb2 Nd7 12.O-O-O Qe7 13.f3 d5 14.Bd3 f5 15.Kb1 c5
16.Bc2 a5 17.Rhe1 a4 18.bxa4 dxc4 19.e4 fxe4 20.Bxe4 Bxe4+ 21.Rxe4 cxd4 22.Rexd4 Nc5
23.Rxc4 Nxa4 24.Qb4 Qf7 25.Rd2 Nxb2 26.Kxb2 h6 27.Rc3 Rfd8 28.Rxd8+ Rxd8
29.Qxb6 Rd2+ 30.Rc2 Qf6+ 31.Kb3 Rd1 32.Qf2 Qd8 33.Qe2 Qb6+ 34.Kc3 Qd4+ 35.Kb3 Qb6+
36.Kc3 Qd4+ 37.Kb3  1/2-1/2